Normal view
MARC view
- اشراف المجالي، بكر خازر؛ متابعة وتحرير وتنسيق منتهى قبلان العبداللات، متابعة وتحرير وتنسيق جنان زكي أبو زياد
Entry Personal Name
001 - CONTROL NUMBER
- control field: 56141
003 - CONTROL NUMBER IDENTIFIER
- control field: JO-AjAnu
005 - DATE AND TIME OF LATEST TRANSACTION
- control field: 20230606083213.0
008 - FIXED-LENGTH DATA ELEMENTS
- fixed length control field: 230606|| aca||aabn | a|a d
040 ## - CATALOGING SOURCE
- Original cataloging agency: JO-AjAnu
- Transcribing agency: JO-AjAnu
100 ## - HEADING--PERSONAL NAME
- Personal name: اشراف المجالي، بكر خازر؛ متابعة وتحرير وتنسيق منتهى قبلان العبداللات، متابعة وتحرير وتنسيق جنان زكي أبو زياد
670 ## - SOURCE DATA FOUND
- Source citation: Work cat.: (JO-AjAnu)28651: اشراف المجالي، بكر خازر؛ متابعة وتحرير وتنسيق منتهى قبلان العبداللات، متابعة وتحرير وتنسيق جنان زكي أبو زياد, author, قصر رغدان العامر: شاهد على تاريخ يصنع المستقبل